| 000 | 01045nam a22002537a 4500 | ||
|---|---|---|---|
| 005 | 20170124103132.0 | ||
| 010 | _aB-169306 | ||
| 020 |
_c00.00 _a817391642 |
||
| 035 | _aB-169306 | ||
| 037 | _bCen Lib/Ret | ||
| 040 |
_aDPL _bHN |
||
| 082 |
_a780.140 _bमिश्रछो |
||
| 100 |
_aमिश्र, छोटेलाल _984314 |
||
| 245 |
_aताल प्रसून / _cछोटेलाल मिश्र |
||
| 246 |
_aTal prasoon / _bby Chotelal Mishr |
||
| 260 |
_aनयी दिल्ली _bकनिष्क पब्लिशर्स _c2004 |
||
| 270 |
_bनयी दिल्ली _a4697/5-21 अ, अंसारी रोड, दरियागंज _e110002 |
||
| 300 |
_a216पृ. _c20सेमी(सजिल्द ) |
||
| 650 |
_aभारत--संगीत-तबला _x _z _984315 |
||
| 650 |
_aसंगीत--भारत _984316 |
||
| 650 |
_aIndia - Music, Tabla _984317 |
||
| 650 |
_aMusic - India _983833 |
||
| 942 |
_2ddc _cHN _h780.140 _mमिश्रछो |
||
| 999 |
_c119314 _d119314 |
||